Epic images and contemporary history (Бичлэгийн дугаар. 144232)
| 000 -УДИРДЛАГА | |
|---|---|
| Удирдлага | 01268nam a2200373 4500 |
| 003 - ХЯНАЛТЫН ТОО ТОДОРХОЙЛОГЧ | |
| Код | MN-UlNUM |
| 005 - БИЧИЛТ ХИЙСЭН ОГНОО | |
| Тухайн бичилтийг бичсэн засварласан сүүлийн огноо | 20251003122744.0 |
| 008 - ЕРӨНХИЙ МЭДЭЭЛЭЛ | |
| Ерөнхий мэдээлэл | 250917s1980 iluo|||| |||| 00| 0 eng d |
| 020 ## - ISBN | |
| ISBN | 0226305856 |
| 040 ## - БИЧЛЭГ ҮҮСГЭГЧ БАЙГУУЛЛАГА | |
| Бичлэг үүсгэгч номын сангийн код | МУИС-ийн номын сан |
| 084 ## - ББК АНГИЛАЛ | |
| Нэмэлт тусгалт | Нэг сэдэвт бүтээл |
| Мэдлэгийн ялгаа | 85 - Урлаг |
| ББК ангилал | 85 |
| Зохиогчийн гурван тэмдэгт | G 71 |
| 100 ## - ЗОХИОГЧ | |
| Зохиогчийн нэр | Grabar Oleg, Blair, Sheila |
| 240 ## - Шифр - Номын наалт, тайланд хэрэглэх | |
| Ангилалын дугаар /Зохиогчийн 3 тэмдэгт | 85 G 71 |
| 245 ## - ҮНДСЭН ГАРЧИГ | |
| Номын нэр | Epic images and contemporary history |
| Бага гарчгийн мэдээ | The illustrations of the great Mongol Shahnama |
| 260 ## - ГАРАЛТЫН МЭДЭЭ | |
| Хэвлэгдсэн газар | Chicago |
| Хэвлэлийн газар | University of Chicago Press |
| Хэвлэгдсэн он | 1980 |
| 300 ## - МАТЕРИАЛЫН ТОДОРХОЙЛОЛТ | |
| хуудасны тоо | 210 |
| 500 ## - Тайлбар | |
| Дансны дугаар | ГФ 20838 |
| 505 ## - Агуулгын тэмдэглэгээ | |
| Агуулгын тэмдэглэгээ | A major art historical examination of the practice and techniques of Mongol painting, based on a reconstruction of the scattered leaves of the Mongol copy of the Persian epic, the Shahnameh. |
| 546 ## - ХЭЛНИЙ ТУХАЙ МЭДЭЭ | |
| Хэл | Англи хэл дээр, |
| 653 ## - Түлхүүр үг | |
| Түлхүүр үг | art |
| 653 ## - Түлхүүр үг | |
| Түлхүүр үг | Shahnama-Illustration |
| 653 ## - Түлхүүр үг | |
| Түлхүүр үг | manuscript |
| 740 ## - НОМЫН ГАРЧИГ | |
| Гарчиг | The state of the Manuscript |
| 740 ## - НОМЫН ГАРЧИГ | |
| Гарчиг | The ideological Program of the Manuscript |
| 740 ## - НОМЫН ГАРЧИГ | |
| Гарчиг | Forms and Expressions |
| 740 ## - НОМЫН ГАРЧИГ | |
| Гарчиг | The Milieu and date of the Manuscript |
| 740 ## - НОМЫН ГАРЧИГ | |
| Гарчиг | The Miniatures |
| 740 ## - НОМЫН ГАРЧИГ | |
| Гарчиг | Appendix 1. List of Paginated Folios |
| 740 ## - НОМЫН ГАРЧИГ | |
| Гарчиг | Appendix 2. Reconstruction of Manuscript |
| 740 ## - НОМЫН ГАРЧИГ | |
| Гарчиг | Notes |
| 740 ## - НОМЫН ГАРЧИГ | |
| Гарчиг | Index |
| 942 ## - ЭЛЕМЕНТИЙН ТӨРӨЛ | |
| Зүйлийн төрөл | Ном |
